书目信息 |
| 题名: |
晚清改革与革命
|
|
| 作者: | 迟云飞, 著 | |
| 分册: | ||
| 出版信息: | 北京 中国大百科全书出版社 2016 |
|
| 页数: | 350页 | |
| 开本: | 23cm | |
| 丛书名: | 百科史学 | |
| 单 册: | ||
| 中图分类: | K252.07 | |
| 科图分类: | ||
| 主题词: | 社会发展史--she hui fa zhan shi--研究--中国--清后期 | |
| 电子资源: | ||
| ISBN: | 978-7-5000-9876-8 | |
| 000 | 00962nam0 22002771 450 | |
| 001 | 0124140207 | |
| 005 | 20170324140207.0 | |
| 010 | @a978-7-5000-9876-8@dCNY46.00 | |
| 100 | @a20160624d2016 em y0chiy50 ea | |
| 101 | 0 | @achi |
| 102 | @aCN@b110000 | |
| 105 | @ak a 000yy | |
| 106 | @ar | |
| 200 | 1 | @a晚清改革与革命@9wan qing gai ge yu ge ming@f迟云飞著 |
| 210 | @a北京@c中国大百科全书出版社@d2016 | |
| 215 | @a350页@d23cm | |
| 225 | 2 | @a百科史学@9bai ke shi xue |
| 314 | @a迟云飞, 1957年生, 现为首都师范大学历史学院教授, 博士生导师。 | |
| 320 | @a有书目 | |
| 330 | @a本书主要内容包括: 列强的冲击与清政府的衰亡、清季政府及其覆亡论析、晚清社会的裂变与各阶层分析 —— 兼论清王朝的覆亡 (1901-1911) 等。 | |
| 461 | 0 | @12001 @a百科史学 |
| 606 | 0 | @a社会发展史@9she hui fa zhan shi@x研究@y中国@z清后期 |
| 690 | @aK252.07@v5 | |
| 701 | 0 | @a迟云飞,@9chi yun fei ,@f1957-@4著 |
| 801 | 0 | @aCN@bTANGWEI@c20170308 |
| 905 | @b0962117-9@dK252.07@e26@f3 | |
| 晚清改革与革命/迟云飞著.-北京:中国大百科全书出版社,2016 |
| 350页;23cm.-(百科史学) |
| ISBN 978-7-5000-9876-8:CNY46.00 |
| 本书主要内容包括: 列强的冲击与清政府的衰亡、清季政府及其覆亡论析、晚清社会的裂变与各阶层分析 —— 兼论清王朝的覆亡 (1901-1911) 等。 |
| ● |
| 相关链接 |
|
|
|
|
正题名:晚清改革与革命
索取号:K252.07/26
 
预约/预借
| 序号 | 登录号 | 条形码 | 馆藏地/架位号 | 状态 | 备注 |
| 1 | 0962117 | 209621177 | 第二样本阅览室/ [索取号:K252.07/26] | 在馆 | |
| 2 | 0962118 | 209621186 | 第二借阅区/ [索取号:K252.07/26] | 在馆 | |
| 3 | 0962119 | 209621195 | 第二借阅区/ [索取号:K252.07/26] | 在馆 |